01276nam a2200289 i 4500001001000000003000900010005001700019007000300036008004100039020001500080040003000095041000800125082002600133245012500159264005200284300002800336336002700364337003300391338002800424500007300452500025600525533006700781600004200848650001200890650002200902700006200924000007050DO-SdBNP20260212102734.0ta090904s1951 dr 000 0 spa d a9993430021 aDO-SdBNPbspacBNPHUerda aspa 4a737.497293bM742p22203aLa moneda provincial de la isla Española :bdocumentoscintroducción histórica y notas de FR. Cipriano de Utrera. 1aSanto Domingo :beditor no identificado,c1951. a257 páginas ;c23 cm. atextobtxt2rdacontent asin mediación2rdamediabn avolumenbnc2rdacarrier aIncluye referencias bibliográficas y notas al pie de las páginas aCapuchino, comendador de la orden de Isabel la Católica, miembro de número de la Academia Dominicana de la Historia, vocal de la Comisión de Honor del Congreso de Estudios Hispanoamericanos del seminario de Problemas Hispanoamericanos de Madrid. bSanto DomingocBanco Central de la República Dominicnad2000 4aCipriano de Utrera,cFray,d1886-1958 4aMonedas 4aHistoria colonial1 aCipriano, c de Utrerad1886-1958eintroducción y notas